000 02050cam a2200517 a 4500
001 BK0011966074
003 DLC
005 20241220134415.0
008 120913s2013 nyub c 000 1 eng c
010 _a2012035290
020 _a9780545284158 : HRD
_c$17.99
020 _a0545284155 : HRD
_c$17.99
037 _bScholastic, Po Box 7502, Jefferson City, MO, USA, 65102
_nSAN 860-0023
040 _aNJQ/DLC
_cNJQ
_dDLC
_erda
050 0 0 _aPZ7.N5672
_bRun 2013
082 0 0 _a[Fic]
_223
082 0 0 _a813.6
_223
092 _aFIC
092 _a813.6000
092 _aNIELSEN
100 1 _aNielsen, Jennifer A.
_95896815
245 1 4 _aThe runaway king /
_cJennifer A. Nielsen.
246 _bAscendance
246 _bAscendance Book Two
246 _bAscendance Book 2
250 _a1st ed.
260 _aNew York, N.Y. :
_bScholastic Press,
_c2013.
264 1 _aNew York, N.Y. :
_bScholastic Press,
_c2013.
300 _a331 p. :
_bmaps ;
_c22 cm.
336 _atext
337 _aunmediated
338 _avolume
440 _aAscendance :
_v Book 2.
_96376310
500 _a"Maps by Kayley LeFaiver."
520 _aYoung King Jaron has taken the throne of Carthya, but after enemies attempt to assassinate him, and a neighboring kingdom threatens invasion, he finds that he has no friends in the palace, not even his bride-to-be, princess Amarinda--and his regents think it would be better for Carthya if he just disappeared again.
650 0 _aKings and rulers
_vJuvenile fiction.
_95680767
650 0 _aPrincesses
_vJuvenile fiction.
_96376311
650 0 _aCourts and courtiers
_vJuvenile fiction.
_95739375
650 0 _aConspiracies
_vJuvenile fiction.
_95684335
650 1 _aKings, queens, rulers, etc.
_vFiction.
_95674172
650 1 _aPrincesses
_vFiction.
_95673903
650 1 _aCourts and courtiers
_vFiction.
_95673858
650 1 _aConspiracies
_vFiction.
_95673860
800 1 _aNielsen, Jennifer A.
_tAscendance trilogy ;
_vbk. 2.
_96252081
942 _cBOOK
_2ddc
999 _c91923
_d91923